Un hombre en la noche (Record no. 75597)

MARC details
000 -LEADER
campo de control de longitud fija 00656nam a2200205 i 4500
001 - NÚMERO DE CONTROL
campo de control 75597
003 - IDENTIFICADOR DE NÚMERO DE CONTROL
campo de control ES-MaACL
005 - FECHA Y HORA DE LA ÚLTIMA TRANSACCIÓN
campo de control 20230906172522.0
007 - CAMPO FIJO DE DESCRIPCIÓN FÍSICA--INFORMACIÓN GENERAL
campo de control de longitud fija t|
008 - DATOS DE LONGITUD FIJA--INFORMACIÓN GENERAL
campo de control de longitud fija 040927s1958 sp ||||1| spa d
100 1# - ENTRADA PRINCIPAL--NOMBRE DE PERSONA
Nombre de persona Groussard, Serge.
9 (RLIN) 60210
245 13 - MENCIÓN DEL TÍTULO
Título Un hombre en la noche
Resto del título : novela /
Mención de responsabilidad, etc. Serge Groussard ; [traducción directa del francés por Luis de los Arcos].
260 ## - PUBLICACIÓN, DISTRIBUCIÓN, ETC.
Lugar de publicación, distribución, etc. Barcelona :
Nombre del editor, distribuidor, etc. AHR,
Fecha de publicación, distribución, etc. [1958] (
Fabricante Ampurias)
300 ## - DESCRIPCIÓN FÍSICA
Extensión 139 p. ;
Dimensiones 18 cm.
490 1# - MENCIÓN DE SERIE
Mención de serie El Espíritu del mundo
700 1# - ENTRADA AGREGADA--NOMBRE PERSONAL
Nombre de persona Arcos, Luis de los.
9 (RLIN) 22518
830 0# - PUNTO DE ACCESO ADICIONAL DE SERIE-TÍTULO UNIFORME
Título uniforme El Espíritu del mundo
9 (RLIN) 183498
852 ## - LOCALIZACIÓN
Ubicación ES-MaACL
Número de control de estantería C-14456
Sublocalización o colección R.42316
Holdings
Estatus retirado Estado de pérdida Estado de daño No para préstamo Biblioteca de origen Biblioteca actual Ubicación en estantería Fecha de adquisición Fuente de adquisición Total de préstamos Signatura topográfica completa Código de barras Visto por última vez Precio de reemplazo Tipo de ítem Koha
        Biblioteca del Ateneo de Madrid Biblioteca del Ateneo de Madrid Ficheros 17/01/2008     C-14456 1079125 23/02/2023 23/02/2023 Libro impreso